[Event "Mechanics' Winter TNM; G/2 d5"]
[Site "San Francisco"]
[Date "2018.02.06"]
[Round "5.20"]
[White "Argo, Guy"]
[Black "Malykin, Erika"]
[Result "1-0"]
[WhiteElo "1951"]
[BlackElo "1590"]
[PlyCount "77"]
[EventDate "2018.??.??"]
[Source "ChessBase"]
[SourceDate "2007.09.04"]

1. e4 e6 2. d4 Nf6 3. e5 Nd5 4. a3 c5 5. c4 Nc7 6. dxc5 Bxc5 7. b4 Be7 8. Bf4
b6 9. Nc3 Bb7 10. Qg4 g6 11. h4 d5 12. exd6 Bxd6 13. Rd1 Qf6 14. Bxd6 Qxc3+ 15.
Rd2 Qc1+ 16. Qd1 Qxd1+ 17. Rxd1 Nca6 18. h5 g5 19. h6 Nd7 20. Nf3 Bxf3 21. gxf3
Rc8 22. c5 Nc7 23. cxb6 Nxb6 24. Rg1 f6 25. f4 Rg8 26. fxg5 Nbd5 27. Bd3 f5 28.
Be2 Kd7 29. Be5 Ke7 30. b5 Ne8 31. f4 Nc3 32. Rc1 Nxe2 33. Kxe2 Nd6 34. a4 Ne4
35. Rxc8 Rxc8 {Diagram [#]} 36. g6 $1 Rc2+ 37. Ke3 hxg6 38. Rxg6 Nd6 39. Rg7+
1-0

[Event "Mechanics' Spring TNM; G/2 d5"]
[Site "San Francisco"]
[Date "2018.03.27"]
[Round "2.34"]
[White "Argo, Guy"]
[Black "Olson, David R"]
[Result "1-0"]
[WhiteElo "1951"]
[BlackElo "1400"]
[PlyCount "35"]
[EventDate "2018.??.??"]
[Source "ChessBase"]
[SourceDate "2007.09.04"]

1. e4 e5 2. f4 Nc6 3. Nc3 Qh4+ 4. g3 Qh6 5. fxe5 Bc5 6. d4 Qg6 7. dxc5 Nxe5 8.
Bf4 Nc6 9. Nd5 Qxe4+ 10. Qe2 Qxe2+ 11. Nxe2 Kf8 12. Nxc7 Rb8 13. Bd6+ Nge7 14.
O-O-O b5 15. Nd5 Rb7 16. Nxe7 Nxe7 17. Bg2 Rb8 18. Bxb8 1-0

[Event "Mechanics' Summer TNM; G/2 d/5"]
[Site "San Francisco"]
[Date "2018.06.19"]
[Round "4.8"]
[White "Argo, Guy"]
[Black "Porlares, Teodoro"]
[Result "1-0"]
[WhiteElo "1940"]
[BlackElo "1794"]
[PlyCount "81"]
[EventDate "2018.??.??"]
[Source "ChessBase"]
[SourceDate "2007.09.04"]

1. f4 f5 2. Nf3 Nf6 3. g3 Nc6 4. Bg2 g6 5. c4 Bg7 6. O-O O-O 7. d3 b6 8. Nc3
Bb7 9. e4 e6 10. e5 Ne8 11. d4 h6 12. d5 Ne7 13. dxe6 dxe6 14. Qe2 c6 15. Rd1
Qc8 16. Be3 c5 17. Nb5 Bc6 18. Nd6 Qc7 19. Rd2 a6 20. Rad1 Kh7 21. Qf2 Rd8 {[#]
} 22. b4 Rb8 23. bxc5 b5 24. cxb5 axb5 25. Nd4 Bd7 26. c6 Bc8 27. N4xb5 Qa5 28.
Nxe8 Rxe8 29. Nd6 Ba6 30. Nxe8 Rxe8 31. Bb6 Qa4 32. Qd4 Qxd4+ 33. Rxd4 Nc8 34.
Bc5 Bf8 35. Bxf8 Rxf8 36. Rd7+ Kg8 37. Rd8 Rxd8 38. Rxd8+ Kf7 39. Bf1 Bxf1 40.
Kxf1 Nb6 41. c7 1-0

[Event "Mechanics' Summer TNM; G/2 d/5"]
[Site "San Francisco"]
[Date "2018.05.29"]
[Round "1.17"]
[White "Argo, Guy"]
[Black "Robertson, Terrance"]
[Result "1-0"]
[WhiteElo "1940"]
[BlackElo "1439"]
[PlyCount "39"]
[EventDate "2018.??.??"]
[Source "ChessBase"]
[SourceDate "2007.09.04"]

1. e4 e5 2. f4 exf4 3. Bc4 d6 4. d4 Nf6 5. Nc3 Nc6 6. Nf3 Be7 7. Bxf4 h6 8. O-O
Bg4 9. Qd2 Nh5 10. Be3 Qd7 11. Bxf7+ Kd8 12. d5 Na5 13. b3 g5 14. Nd4 Nf6 15.
Ne6+ Bxe6 16. dxe6 Qc6 17. Bd4 Nxe4 18. Nxe4 Rf8 19. Nf6 b6 20. Nh7 1-0

[Event "Mechanics' Summer TNM; G/2 d5"]
[Site "San Francisco"]
[Date "2018.07.10"]
[Round "7.2"]
[White "Argo, Guy"]
[Black "Winslow, Elliott C"]
[Result "0-1"]
[WhiteElo "1940"]
[BlackElo "2299"]
[Annotator "Winslow,E"]
[PlyCount "119"]
[EventDate "2018.??.??"]
[Source "ChessBase"]
[SourceDate "2007.09.04"]

1. e4 c6 2. d3 d5 3. Nd2 e5 4. Ngf3 Bd6 5. Be2 Nf6 6. a4 O-O 7. h3 Re8 8. c3 a5
9. Qc2 Na6 10. g4 Nc5 11. Nh2 Ne6 12. Bf3 Nf4 13. h4 b6 14. g5 Ba6 15. c4 Nd7
16. Ng4 Nc5 17. Be2 dxc4 18. dxc4 Bc7 (18... Bc8) (18... f5) (18... Qd7) 19.
Ne3 Nce6 $19 (19... Bc8) (19... Qd7) 20. Nf5 g6 (20... Nd4 21. Nxd4 exd4 (21...
Qxd4 $17) 22. Bd3 (22. Bf3 f5 23. gxf6 Qxf6 $19) (22. Ra3 Qe7 23. f3 Ng2+ 24.
Kf1 Nf4 $1) 22... f5 23. gxf6 Qxf6 $19 {-- really!}) 21. Nh6+ Kg7 22. Nb3 Nxe2
23. Qxe2 Nd4 24. Qd3 Nxb3 25. Qxb3 Qd4 26. Qf3 Qxc4 27. b3 Qe6 28. h5 Rad8 29.
hxg6 $2 (29. Ng4 $11 Bd6 30. Qf6+ Kf8) 29... fxg6 $8 $19 30. Ng4 (30. Ba3 Rd3
31. Qf6+ Qxf6 32. gxf6+ Kxf6 33. Ng4+ Kg7 34. Rxh7+ Kxh7 35. Nf6+ Kh6 36. Nxe8
Bd8 $19) 30... Rd3 $2 (30... Rf8 $1 31. Qh3 (31. Nf6 h5 $19) 31... h5 $19) (
30... h5 $1 $19) (30... Bd6 $17) (30... Rh8 $17) 31. Qf6+ Qxf6 32. Rxh7+ $6 (
32. gxf6+ $1 Kh8 $8 33. Bh6 Kg8 34. Bg7 h5 35. Nh6+ Kh7 36. f7 Red8 37. f8=Q
Bd6 $3 $11) 32... Kxh7 33. Nxf6+ Kh8 34. Nxe8 Bd8 35. Bb2 Bxg5 36. Bxe5+ Kg8 (
36... Kh7 37. Nc7 Bc8 38. Ke2 Rxb3 39. Rh1+ (39. f3) 39... Rh3) 37. Nc7 Bc8 (
37... Bb7 $11) 38. Rd1 (38. Ke2 Rxb3 39. Rg1 $11) 38... Rxb3 39. Rd6 Kf7 40.
Rxc6 Bg4 (40... Rb4 $15 41. f3 Bb7 (41... Bd7)) 41. f4 $8 Be7 (41... Rb4) (
41... Bd7 42. Rc4 Be7 43. Nd5 Bc5) 42. Nd5 Bc5 (42... Bb4+ $11) 43. Rc7+ $2 (
43. Rf6+ Ke8 44. Rxg6 $14) 43... Ke8 $4 (43... Kf8 44. Bg7+ Ke8 45. Nf6+ Kd8
46. Rxc5 bxc5 47. Nxg4 Rb4 $11) 44. Nf6+ Kd8 45. Nxg4 Rb4 46. Nf6 Rxa4 47. Rg7
Ra2 48. Rxg6 a4 49. f5 b5 50. Nd5 (50. Rg8+) 50... b4 51. f6 (51. Rg8+ Kd7 52.
Rg7+) 51... b3 52. Rg8+ (52. f7) (52. Rg7) 52... Kd7 53. f7 $4 (53. Rb8 $18) (
53. Nf4 $18) (53. Rg7+ $16) 53... Rf2 $4 (53... b2 $11 54. Nb6+ Ke6 55. Bxb2
Rxb2 56. Nxa4 Kxf7 57. Nxb2 Kxg8) 54. Nf6+ $2 (54. Nf4) (54. Nb6+) (54. Ra8) (
54. Bf6) 54... Ke6 {Here he placed his pawn on f8 and hit my clock. I stopped
the clocks (I had 12 seconds left) and claimed illegal move. Indeed the rule
is you *must* replace the pawn with a piece (not leave it there and/or say
"queen" -- and an upside rook is a *rook*). Bryon was in the room and came
over and noted that Guy hadn't properly moved, and awarded me, in accord with
the FIDE rules, two minutes.} 55. f8=Q (55. Rb8 Kxf7 $14 (55... Rc2 $14)) 55...
Bxf8 56. Rxf8 b2 $4 (56... Kxe5 57. Ng4+ Ke6 58. Kxf2 a3 59. Re8+ Kf7 60. Rb8
b2 61. Kg3 $11) 57. Rb8 (57. Re8+ $8 Kf7 58. Rb8 $18) 57... Kxe5 58. Kxf2 a3
59. Nd5 a2 60. Rxb2 {White lost on time} 0-1

[Event "Mechanics' Winter TNM; G/2 d5"]
[Site "San Francisco"]
[Date "2018.01.23"]
[Round "3.6"]
[White "Argo, Guy"]
[Black "Wong, Russell"]
[Result "0-1"]
[WhiteElo "1951"]
[BlackElo "2200"]
[PlyCount "58"]
[EventDate "2018.??.??"]
[Source "ChessBase"]
[SourceDate "2007.09.04"]

1. e4 c5 2. d4 cxd4 3. c3 dxc3 4. Nxc3 Nc6 5. Nf3 d6 6. Bc4 e6 7. Qe2 Nf6 8.
O-O Be7 9. Rd1 Bd7 10. Bg5 O-O 11. Bxf6 gxf6 12. Rd3 Kh8 13. Nb5 Nb4 14. Rxd6
Bxd6 15. Nxd6 Qe7 16. Nxb7 Rab8 17. Na5 Rfc8 18. a3 Nc6 19. Nxc6 Rxc6 20. b3
Rcb6 21. a4 Qc5 22. Rd1 Rd6 23. Rc1 Rd8 24. e5 fxe5 25. Nxe5 Be8 26. Qh5 Qc7
27. Qf3 Qe7 28. Re1 Rd4 29. Bb5 f6 {The position is roughly balanced. White
went on to win in time pressure. Remaining moves unavailable.} 0-1

[Event "Mechanics' Winter TNM; G/2 d5"]
[Site "San Francisco"]
[Date "2018.02.06"]
[Round "5.15"]
[White "Ash, Richard D"]
[Black "Boldi, Ethan"]
[Result "1-0"]
[WhiteElo "1718"]
[BlackElo "1920"]
[PlyCount "85"]
[EventDate "2018.??.??"]
[Source "ChessBase"]
[SourceDate "2007.09.04"]

1. e4 e6 2. d4 d5 3. e5 c5 4. Qg4 cxd4 5. Nf3 a6 6. Bd3 Nc6 7. O-O Nge7 8. a3
Ng6 9. Re1 Be7 10. Nbd2 b5 11. b4 Bb7 12. Nb3 Qc7 13. Qg3 Rc8 14. Bb2 Qb8 15.
Nbxd4 Bd8 16. Nb3 Bc7 17. Nc5 d4 18. Nxe6 fxe6 19. Bxg6+ hxg6 20. Qxg6+ Kf8 21.
Ng5 Nd8 22. Bxd4 Bc6 23. Nxe6+ Nxe6 24. Qxe6 Bb6 25. Bxb6 Bxg2 26. Bc5+ Rxc5
27. bxc5 Qa8 28. Re3 Rh6 29. Qf5+ Kg8 30. Rg3 Be4 31. Qf4 Re6 32. Rd1 Bxc2 33.
Rd7 Bg6 34. Rd6 Qe8 35. Rxe6 Qxe6 36. Qg4 Qxg4 37. Rxg4 Be8 38. Rf4 Bd7 39. Kf1
a5 40. Ke2 b4 41. axb4 a4 42. Kd2 a3 43. Kc2 1-0

[Event "Mechanics' Winter TNM; G/2 d5"]
[Site "San Francisco"]
[Date "2018.01.16"]
[Round "2.3"]
[White "Ash, Richard D"]
[Black "O'Connor, Derek"]
[Result "0-1"]
[WhiteElo "1718"]
[BlackElo "2275"]
[PlyCount "34"]
[EventDate "2018.??.??"]
[Source "ChessBase"]
[SourceDate "2007.09.04"]

1. e4 e5 2. Nf3 Nc6 3. d4 exd4 4. Bc4 Nf6 5. e5 d5 6. Bb5 Ne4 7. h3 Bc5 8.
Bxc6+ bxc6 9. O-O O-O 10. Nxd4 Ba6 11. Re1 Nxf2 12. Kxf2 Qh4+ 13. g3 Qxd4+ 14.
Qxd4 Bxd4+ 15. Kg2 Rae8 16. Nc3 Bxe5 17. Be3 d4 0-1

[Event "Mechanics' Spring TNM; G/2 d5"]
[Site "San Francisco"]
[Date "2018.03.20"]
[Round "1.29"]
[White "Ash, Richard D"]
[Black "Tabatabai, Ashkon"]
[Result "1-0"]
[WhiteElo "1733"]
[BlackElo "1190"]
[Annotator "Donaldson"]
[PlyCount "37"]
[EventDate "2018.??.??"]
[Source "ChessBase"]
[SourceDate "2007.09.04"]

1. e4 e5 2. Nf3 Nc6 3. Bb5 Nf6 4. O-O d6 5. Re1 Bd7 6. d4 a6 $6 (6... Be7 7.
Nc3 exd4 (7... O-O $2 8. Bxc6 Bxc6 9. dxe5 dxe5 10. Qxd8 Raxd8 11. Nxe5 Bxe4
12. Nxe4 Nxe4 13. Nd3 f5 14. f3 Bc5+ 15. Nxc5 $1 (15. Kh1 Nf2+) (15. Kf1 Bb6)
15... Nxc5 16. Bg5 {winning the exchange, is Tarrasch's famous trap and the
reason Black has to give up the center in this variation.})) 7. Ba4 (7. Bxc6
Bxc6 8. Nc3) 7... d5 $2 (7... b5 8. Bb3 Nxd4 9. Nxd4 exd4 10. c3 (10. Qxd4 $2
c5 {followed by ...c4 is a well-known trap.}) 10... dxc3 11. Nxc3 Be7 12. Bf4
O-O {offers White compensation for the pawn but nothing more.}) 8. Bxc6 (8.
exd5 Nxd5 9. c4 Nb6 10. Bxc6 Bxc6 11. d5 Bd7 12. Bg5 {was even stronger.}) 8...
Bxc6 9. exd5 Bxd5 10. Nxe5 Be6 11. c4 Bd6 (11... Be7) 12. d5 Qe7 $2 (12... Bxe5
13. Rxe5 O-O {would have saved the piece but likely not the game as White is
still a pawn up with a much better position.}) 13. dxe6 Qxe6 14. Nxf7 Ne4 15.
Nxd6+ cxd6 16. Nc3 O-O 17. Rxe4 Qc8 18. Qd5+ Rf7 19. Re7 1-0

[Event "Mechanics' Winter TNM; G/2 d5"]
[Site "San Francisco"]
[Date "2018.01.09"]
[Round "1.40"]
[White "Ashton, Mark"]
[Black "Cortinas, Martin A"]
[Result "0-1"]
[WhiteElo "919"]
[BlackElo "1670"]
[PlyCount "96"]
[EventDate "2018.??.??"]
[Source "ChessBase"]
[SourceDate "2007.09.04"]

1. Nf3 f5 2. d4 Nf6 3. Nc3 g6 4. Bg5 Bg7 5. e3 O-O 6. Bc4+ Kh8 7. Ne5 e6 8. O-O
d6 9. Nf3 Qe8 10. Re1 Ne4 11. Nxe4 fxe4 12. Nd2 d5 13. Bb3 Nd7 14. f4 c5 15. c3
b6 16. Ba4 Ba6 17. a3 Bd3 18. b4 b5 19. Bc2 c4 20. a4 a6 21. Bxd3 cxd3 22. axb5
axb5 23. Rxa8 Qxa8 24. Qa1 Nb6 25. Be7 Rc8 26. Rc1 Qxa1 27. Rxa1 Rxc3 28. Ra6
Bxd4 29. Rxb6 Bxb6 30. Bf6+ Kg8 31. Bxc3 Bxe3+ 32. Kf1 d4 33. Nxe4 dxc3 34.
Nxc3 Bxf4 35. h3 Bd2 36. Nxb5 Bxb4 37. Kf2 Kf7 38. Ke3 d2 39. Ke2 Kf6 40. Nd4
e5 41. Nf3 Kf5 42. Nxd2 Bxd2 43. Kxd2 Kf4 44. Ke2 Kg3 45. Kf1 e4 46. Ke2 Kxg2
47. Ke3 Kxh3 48. Kxe4 g5 0-1

[Event "Mechanics' Winter TNM; G/2 d5"]
[Site "San Francisco"]
[Date "2018.01.23"]
[Round "3.52"]
[White "Ashton, Mark"]
[Black "Sandoval, Robert"]
[Result "0-1"]
[WhiteElo "919"]
[BlackElo "1392"]
[Annotator "Donaldson"]
[PlyCount "70"]
[EventDate "2018.??.??"]
[Source "ChessBase"]
[SourceDate "2007.09.04"]

1. Nf3 Nc6 2. g3 e5 3. Bg2 e4 4. Nh4 Nf6 5. e3 d5 6. d4 Be7 (6... g5) 7. Nc3
Be6 8. h3 g5 9. Nf3 exf3 10. Bxf3 Qd7 11. g4 O-O-O 12. Qd3 Bb4 13. Bd2 Na5 14.
a3 Bxc3 15. Bxc3 Nc4 16. O-O-O h5 17. gxh5 g4 18. hxg4 Nxg4 19. Qe2 Nf6 20.
Rdg1 Bf5 21. Rh4 Rdg8 22. Rxg8+ Rxg8 23. Rh1 Be4 24. h6 Bxf3 25. Qxf3 Qg4 26.
Qxg4+ (26. Qxf6 Qg1+) 26... Rxg4 27. Be1 (27. h7 Nxh7) 27... Nh7 28. c3 Kd7 29.
Kc2 b6 30. Rh5 Ke6 31. Kb3 Rg1 32. f4 Rxe1 33. Rg5 Re2 34. f5+ Kf6 35. Rg7
Rxb2+ 0-1

[Event "Mechanics' Spring TNM; G/2 d5"]
[Site "San Francisco"]
[Date "2018.03.20"]
[Round "1.17"]
[White "Askin, David"]
[Black "Bennett, Tavis Lee"]
[Result "1-0"]
[WhiteElo "1936"]
[BlackElo "1461"]
[PlyCount "71"]
[EventDate "2018.??.??"]
[Source "ChessBase"]
[SourceDate "2007.09.04"]

1. d4 d5 2. Nf3 Nc6 3. Bf4 Bg4 4. e3 Nf6 5. Be2 e6 6. O-O Bxf3 7. Bxf3 Bd6 8.
Bxd6 Qxd6 9. Nd2 h5 10. c4 Ng4 11. g3 Nf6 12. cxd5 exd5 13. Rc1 g5 14. e4 Nxd4
15. Qa4+ Nc6 16. e5 Qxe5 17. Rfe1 Ne4 18. Nxe4 O-O-O 19. Nc5 Qd4 20. Qb5 Qb4
21. Qxb4 Nxb4 22. a3 g4 23. Bg2 Nc6 24. Rcd1 Na5 25. Bxd5 c6 26. Bxf7 Rxd1 27.
Rxd1 Rh7 28. Be6+ Kc7 29. b4 b6 30. Bf5 Re7 31. Ne6+ Rxe6 32. Bxe6 Nb7 33. Rd7+
Kb8 34. Kf1 a5 35. Ke2 Nc5 (35... axb4 36. axb4 Ka7 37. Kd3 Ka6 38. Kc4 c5 39.
Rxb7 Kxb7 40. bxc5) 36. bxc5 1-0

[Event "Mechanics' Vartan Bedjanian TNM; G/2 d/"]
[Site "San Francisco"]
[Date "2018.11.07"]
[Round "3.14"]
[White "Askin, David"]
[Black "Cortese, Chris"]
[Result "1-0"]
[WhiteElo "2008"]
[BlackElo "1656"]
[PlyCount "53"]
[EventDate "2018.??.??"]
[Source "ChessBase"]
[SourceDate "2007.09.04"]

1. d4 Nf6 2. c4 e6 3. Nf3 d5 4. Nc3 c6 5. e3 Bd6 6. Bd3 dxc4 7. Bxc4 b5 8. Bd3
b4 9. Ne4 Nxe4 10. Bxe4 Qb6 11. O-O Nd7 12. Qc2 Bb7 13. Nd2 Qc7 14. h3 Nf6 15.
Bf3 O-O 16. Nc4 Be7 17. Bd2 c5 18. Ne5 Bxf3 19. Nxf3 Rac8 20. Rfc1 Bd6 21. Qa4
Qb8 22. dxc5 Rxc5 23. Rxc5 Bxc5 24. Rc1 Qb6 25. a3 bxa3 26. bxa3 Rd8 $4 27. Ba5
1-0

[Event "Mechanics' Spring TNM; G/2 d5"]
[Site "San Francisco"]
[Date "2018.05.08"]
[Round "8.9"]
[White "Askin, David"]
[Black "Davila, Carlos"]
[Result "1/2-1/2"]
[WhiteElo "1936"]
[BlackElo "2137"]
[PlyCount "129"]
[EventDate "2018.??.??"]
[Source "ChessBase"]
[SourceDate "2007.09.04"]

1. d4 Nf6 2. c4 e6 3. Nf3 Bb4+ 4. Bd2 Qe7 5. g3 O-O 6. Bg2 Bxd2+ 7. Qxd2 d6 8.
Nc3 Nbd7 9. O-O e5 10. e4 a5 11. Nd5 Qd8 12. Ne1 Re8 13. Nc2 c6 14. Nc3 Qb6 15.
Rfe1 h5 16. b3 Nf8 17. Rad1 Ng6 18. c5 dxc5 19. dxe5 Nxe5 20. Na4 Qa7 21. Qd6
c4 22. Qc5 cxb3 23. axb3 b5 24. Qxa7 Rxa7 25. Nc5 Bg4 26. Rd6 Bf3 27. Nd4 Bxg2
28. Kxg2 a4 29. f4 Neg4 30. Nxc6 Raa8 31. e5 axb3 32. Nxb3 Ra2+ 33. Rd2 Rxd2+
34. Nxd2 Nd5 35. h3 Nh6 36. Rb1 Nc7 37. Ne4 Ra8 38. Nd6 Ra2+ 39. Kg1 Nd5 40.
Rxb5 Ne3 41. Rb8+ Kh7 42. Rb3 Rg2+ 43. Kh1 Rxg3 44. Nc4 Nhf5 45. Nxe3 Nxe3 46.
Nd4 Rxh3+ 47. Kg1 h4 48. Nf5 Rf3 49. Rxe3 Rxf4 50. Ne7 Kh6 51. Kg2 g5 52. Nd5
Rf5 53. Nf6 Kg6 54. Ng4 Rf4 55. Kh3 Kf5 56. Nh6+ Ke6 57. Ng4 Ra4 58. Rf3 Ra7
59. Rf6+ Kd5 60. Rf5 Ra3+ 61. Kh2 Ke4 62. Rxg5 Kf4 63. Rg7 Rg3 64. Rxf7+ Kxg4
65. Rg7+ 1/2-1/2

[Event "Mechanics' Bedjanian TNM; G/2 d/5"]
[Site "San Francisco"]
[Date "2018.12.04"]
[Round "7.5"]
[White "Askin, David"]
[Black "Fuentes, Romulo"]
[Result "0-1"]
[WhiteElo "2008"]
[BlackElo "2200"]
[PlyCount "85"]
[EventDate "2018.??.??"]
[Source "ChessBase"]
[SourceDate "2007.09.04"]

1. d4 Nf6 2. Nf3 e6 3. c4 c5 4. d5 exd5 5. cxd5 Bd6 {
The Snake! Romy can't let go.} 6. Nc3 O-O 7. g3 a6 8. Bg2 Qe7 9. O-O Bc7 10.
Re1 d6 11. e4 Bg4 12. Bg5 Nbd7 13. e5 dxe5 14. Ne4 Bd6 15. Qb3 b5 16. Bxf6 gxf6
17. Nh4 Nb6 18. h3 Bd7 19. Qf3 Kg7 20. Qh5 f5 21. Nxf5+ Bxf5 22. Qxf5 f6 23.
Nc3 Rad8 24. Re4 Qd7 25. Qh5 f5 26. Rh4 Kh8 27. g4 b4 28. Ne2 Qf7 29. Qxf7 Rxf7
30. gxf5 Rxf5 31. Be4 Rf7 32. Rd1 c4 33. Ng3 Na4 34. Rd2 c3 35. bxc3 Nxc3 36.
Bd3 a5 37. Ne4 Be7 38. Rh5 Rxd5 39. Bc4 Rg7+ 40. Kf1 Rxd2 41. Nxd2 Rg5 42. Rh6
Bc5 43. Rc6 {(At this point Askin's scoresheet ended; Fuentes' scribbles on to
move 66. None of them are readable.)} 0-1

[Event "Mechanics' Shipman TNM; G/2 d/5"]
[Site "San Francisco"]
[Date "2018.09.04"]
[Round "5.11"]
[White "Askin, David"]
[Black "Gossiaux, Ryan"]
[Result "0-1"]
[WhiteElo "2001"]
[BlackElo "1703"]
[Annotator "Winslow,Elliott"]
[PlyCount "94"]
[EventDate "2018.??.??"]
[Source "ChessBase"]
[SourceDate "2007.09.04"]

1. d4 Nf6 2. c4 g6 3. Nc3 d5 4. Nf3 Bg7 5. Bg5 c5 6. Bxf6 Bxf6 7. cxd5 cxd4 8.
Nxd4 Qb6 9. Nb3 O-O 10. e4 Qb4 11. Qc2 e6 12. Be2 exd5 13. exd5 Bf5 14. Qd2 a5
15. Nc1 Rc8 16. Nd3 Bxd3 17. Qxd3 {[#]} Rxc3 18. bxc3 Qxc3+ 19. Qxc3 Bxc3+ 20.
Kd1 Bxa1 21. Kd2 Bd4 22. Rc1 Nd7 23. Rc7 Nf6 24. Rxb7 Rd8 25. Bc4 Ne4+ 26. Ke2
Nd6 27. Rc7 Nxc4 28. Rxc4 Rxd5 29. g4 Kg7 30. Kf3 Be5 31. h3 Bd6 32. Rc6 Bb4
33. h4 Rd2 34. h5 Rxa2 35. h6+ Kxh6 36. Ke3 a4 37. f4 a3 38. f5 Rh2 39. Kf4
Bd2+ 40. Kg3 Re2 41. Kf3 Re3+ 42. Kf2 Rc3 43. Ra6 Bc1 44. fxg6 hxg6 45. Ke2 Rg3
46. Ra4 a2 47. Kd1 Ra3 0-1

[Event "Mechanics' Spring TNM; G/2 d5"]
[Site "San Francisco"]
[Date "2018.04.17"]
[Round "5.17"]
[White "Askin, David"]
[Black "Harris, John"]
[Result "1-0"]
[WhiteElo "1936"]
[BlackElo "1657"]
[PlyCount "75"]
[EventDate "2018.??.??"]
[Source "ChessBase"]
[SourceDate "2007.09.04"]

1. d4 Nf6 2. c4 g6 3. Nc3 Bg7 4. e4 d6 5. f3 O-O 6. Be3 e5 7. d5 h6 $2 8. Qd2
Kh7 9. O-O-O Ng8 10. g4 f5 11. gxf5 gxf5 12. exf5 Bxf5 13. Bd3 (13. h4) (13.
Nge2) 13... Bxd3 14. Qxd3+ Kh8 15. Rf1 Nd7 16. Nge2 e4 17. Nxe4 Ne5 18. Qc2
Rxf3 19. Rxf3 Nxf3 20. Nf4 Ne5 21. Ne6 Qh4 22. Nxg7 Kxg7 23. Qg2+ Kh7 24. Rg1
Qe7 25. Bd4 Rf8 26. c5 b6 27. cxd6 cxd6 28. Kb1 Nf6 29. Bxe5 dxe5 30. Qg6+ Kh8
31. Qxh6+ Nh7 32. a3 Rf4 33. Ng5 Rf6 34. Qh3 Qg7 35. Qe3 Rf4 36. Nxh7 Qxh7+ 37.
Ka1 Re4 38. Qg5 1-0

[Event "Mechanics' Shipman TNM; G/2 d/5"]
[Site "San Francisco"]
[Date "2018.08.28"]
[Round "4.10"]
[White "Askin, David"]
[Black "Huberts, Alexander"]
[Result "1-0"]
[WhiteElo "2001"]
[BlackElo "1705"]
[PlyCount "87"]
[EventDate "2018.??.??"]
[Source "ChessBase"]
[SourceDate "2007.09.04"]

1. d4 Nf6 2. c4 c5 3. d5 g6 4. Nc3 d6 5. e4 Bg7 6. f4 e6 7. Nf3 exd5 8. cxd5
O-O 9. Be2 Re8 10. e5 dxe5 11. fxe5 Nfd7 12. e6 fxe6 13. Bg5 Qb6 14. Qd2 Nf6
15. d6 Nc6 16. O-O Bd7 17. Rad1 a6 18. Kh1 Rf8 19. Bc4 Kh8 20. Bh6 Rae8 21.
Bxg7+ Kxg7 22. Rf2 Qd8 23. Rdf1 b5 24. Bb3 b4 25. Na4 Ne4 26. Qe3 Nxf2+ 27.
Rxf2 Nd4 28. Nxc5 Nxf3 29. Rxf3 Rxf3 30. Qxf3 Rf8 31. Qe2 Qg5 32. Nxd7 Qc1+ 33.
Bd1 Rf2 34. Qxf2 Qxd1+ 35. Qg1 Qxd6 36. Nc5 e5 37. h3 Qd2 38. Ne4 Qxb2 39. Qf1
Qxa2 40. Qf6+ Kg8 41. Qxe5 Qf7 42. Nf6+ Kf8 43. Qd6+ Kg7 44. Ng4 {
And White won eventually.} 1-0

[Event "Mechanics' Spring TNM; G/2 d5"]
[Site "San Francisco"]
[Date "2018.04.03"]
[Round "3.3"]
[White "Askin, David"]
[Black "O'Connor, Derek"]
[Result "0-1"]
[WhiteElo "1936"]
[BlackElo "2305"]
[PlyCount "82"]
[EventDate "2018.??.??"]
[Source "ChessBase"]
[SourceDate "2007.09.04"]

1. d4 d5 2. Nf3 c6 3. c4 e6 4. e3 Bd6 5. Nc3 f5 6. Bd3 Nf6 7. O-O O-O 8. Ne5
Nbd7 9. f4 Ne4 10. Bd2 Ndf6 11. Rb1 Bd7 12. b4 b6 13. Be1 Qe7 14. Qb3 Bxe5 15.
dxe5 Ng4 16. Be2 Nh6 17. Rd1 a6 18. Bf3 Rfd8 19. a4 Kh8 20. b5 dxc4 21. Qxc4
cxb5 22. axb5 Rac8 23. Qb3 Nxc3 24. Bxc3 Bxb5 25. Bb4 Qe8 26. Rxd8 Rxd8 27. Rd1
Rxd1+ 28. Qxd1 Qd7 29. Qd6 Qxd6 30. exd6 a5 31. Ba3 Bd7 32. Kf2 b5 33. Ke2 b4
34. Bc1 Nf7 35. Kd3 Nxd6 36. Kd4 Nb5+ 37. Kc5 Nc3 38. Kb6 a4 39. Ka5 Na2 40.
Bb2 a3 41. Ba1 b3 0-1

[Event "Mechanics' Shipman TNM; G/2 d/5"]
[Site "San Francisco"]
[Date "2018.09.18"]
[Round "7.9"]
[White "Askin, David"]
[Black "Pham, Tam Phu"]
[Result "1-0"]
[WhiteElo "2001"]
[BlackElo "1539"]
[Annotator "Winslow,E"]
[PlyCount "73"]
[EventDate "2018.??.??"]
[Source "ChessBase"]
[SourceDate "2007.09.04"]

1. d4 Nf6 2. c4 c5 3. d5 e6 4. Nc3 exd5 5. cxd5 d6 6. e4 g6 7. Bd3 Bg7 8. Nge2
O-O 9. O-O Re8 {Black has many alternatives here.} 10. Ng3 a6 11. a4 Nbd7 12.
h3 Qc7 13. Be3 c4 14. Bc2 Rb8 15. f4 Nc5 16. Qf3 Nfd7 17. Qf2 b5 18. axb5 axb5
{(and here we are at the position from the quite famous game Penrose-Tal,
Leipzig Olympiad 1960!} 19. e5 $1 {(as played)} b4 {
what everyone has played since.} ({That game concluded:} 19... dxe5 20. f5 $1
Bb7 21. Rad1 Ba8 $2 (21... e4 $1) 22. Nce4 Na4 $6 23. Bxa4 bxa4 24. fxg6 fxg6
25. Qf7+ Kh8 26. Nc5 Qa7 27. Qxd7 (27. Nge4 $1) (27. Rf2 $1) 27... Qxd7 28.
Nxd7 Rxb2 29. Nb6 Rb3 30. Nxc4 Rd8 31. d6 Rc3 32. Rc1 Rxc1 33. Rxc1 Bd5 34. Nb6
Bb3 35. Ne4 h6 36. d7 Bf8 37. Rc8 Be7 38. Bc5 Bh4 39. g3 {1-0}) 20. Nd1 $2 $146
({Everybody has played} 20. Nce4 $1 $18 {(SF9)} Nxe4 21. Nxe4 dxe5 22. f5 {
when the only GM game went} Nf8 (22... Rf8) (22... f6) (22... Bb7 23. fxg6 fxg6
24. Qf7+ Kh8 25. Ng5 Rf8 26. Qxg7+ {was one game}) 23. f6 Bh8 24. Rad1 Bf5 25.
g4 b3 26. Bb1 Bxe4 27. Bxe4 c3 28. d6 Qc8 29. bxc3 Qxc3 30. Qd2 Qc4 31. Bd5 Qb5
32. g5 {1-0 (47) Gheorghiu, F (2605)-Quinteros,M (2515) USA 1980}) 20... Re7 $2
{Now, do we believe Stockfish here?} (20... Kh8) (20... dxe5 21. f5 Kh8) (20...
Rf8 {all "-/+";}) (20... Bb7 $1 $19 {way better than all those (??!) -- is
White really off the rails? (-2.13 as of now)}) 21. f5 $2 (21. Bd2 dxe5 22. f5
e4 23. Bg5 Qd6 $14) (21. Qd2 Kh8 $11) 21... Bxe5 $15 22. fxg6 (22. Bf4 b3 23.
Bb1 Bg7 24. Bg5 f6) 22... hxg6 $17 23. Bg5 Bxg3 $4 (23... f6 24. Bf4 Qb6 (24...
Rg7) 25. Kh2 Nd3 26. Qxb6 Rxb6 $17) 24. Qxg3 $16 Ne4 25. Bxe4 Rxe4 26. Qf3 $2 (
26. Nf2) 26... Nc5 $2 (26... Qc5+ 27. Ne3 f5 $11 {according to you-know-what})
27. Qf6 $1 {(trouble)} Kh7 28. Nf2 {(Good, but)} (28. Ne3 $1 c3 (28... Bb7 29.
Nf5 $1) 29. bxc3 b3 30. Rf3 b2 31. Rb1 Rxe3 32. Bxe3) 28... Re5 $2 (28... Bf5
29. g4) 29. Qf4 $6 {Doesn't really risk the win,} ({but} 29. Bh6 $1 Kxh6 (29...
Ne6 {ugh}) 30. Qh8+ Kg5 31. Ng4 $1 {mate next!}) 29... Kg8 30. Qh4 Rxg5 31.
Qxg5 Bf5 32. Rae1 Qd8 33. Qf4 Nd3 $2 34. Nxd3 cxd3 35. g4 Qh4 36. gxf5 Qxh3 37.
fxg6 1-0